Проектирование и управление геологоразведочными работами на нефть и газ: учебник

Podrobná bibliografie
Hlavní autor: Керимов В. Ю. оглы Вагиф Юнус
Korporativní autor: Российский государственный геологоразведочный университет им. Серго Орджоникидзе
Další autoři: Косьянов В. А. Вадим Александрович, Мустаев Р. Н. Рустам Наильевич
Shrnutí:В учебнике рассмотрены вопросы организации и управления геологоразведочными работами на нефть и газ, а также примеры планирования, контроля и реализации геологоразведочных проектов в ведущих нефтегазовых компаниях России и мира. В настоящее время в практику геологоразведочных работ на нефть и газ активно внедряется проектное управление, в связи с чем в книге рассматриваются его особенности, прочно вошедшие в жизнь многих компаний нефтегазовой отрасли. Показаны основные риски геологоразведочных работ на нефть и газ. Дана суть локального прогноза нефтегазоносности и подготовки поисковых объектов к бурению. Обобщены вопросы классификации запасов и ресурсов нефти и горючих газов. Рассмотрена геолого-экономическая оценка эффективности геологоразведочных работ. Главы учебника сопровождаются контрольными вопросами и заданиями, предложены также темы для рефератов. Соответствует требованиям федеральных государственных образовательных стандартов высшего образования последнего поколения. Для магистрантов по направлению подготовки 21.04.01 "Нефтегазовое дело" и студентов, специализирующихся по направлению 21.05.02 "Прикладная геология".
Jazyk:ruština
Vydáno: Москва, Инфра-М, 2021
Edice:Высшее образование
Témata:
Médium: MixedMaterials Kniha
KOHA link:https://koha.lib.tpu.ru/cgi-bin/koha/opac-detail.pl?biblionumber=346882

MARC

LEADER 00000nam0a2200000 4500
001 346882
005 20231102005933.0
010 |a 9785160164168 
035 |a (RuTPU)RU\TPU\book\378767 
090 |a 346882 
100 |a 20211126d2021 m y0rusy50 ca 
101 0 |a rus 
102 |a RU 
105 |a a j 001zy 
200 1 |a Проектирование и управление геологоразведочными работами на нефть и газ  |e учебник  |f В. Ю. Керимов, В. А. Косьянов, Р. Н. Мустаев  |g Российский государственный геологоразведочный университет им. Серго Орджоникидзе 
210 |a Москва  |c Инфра-М  |d 2021 
215 |a 286 с.  |c ил. 
225 1 |a Высшее образование 
320 |a Библиогр.: с. 282-283 
330 |a В учебнике рассмотрены вопросы организации и управления геологоразведочными работами на нефть и газ, а также примеры планирования, контроля и реализации геологоразведочных проектов в ведущих нефтегазовых компаниях России и мира. В настоящее время в практику геологоразведочных работ на нефть и газ активно внедряется проектное управление, в связи с чем в книге рассматриваются его особенности, прочно вошедшие в жизнь многих компаний нефтегазовой отрасли. Показаны основные риски геологоразведочных работ на нефть и газ. Дана суть локального прогноза нефтегазоносности и подготовки поисковых объектов к бурению. Обобщены вопросы классификации запасов и ресурсов нефти и горючих газов. Рассмотрена геолого-экономическая оценка эффективности геологоразведочных работ. Главы учебника сопровождаются контрольными вопросами и заданиями, предложены также темы для рефератов. Соответствует требованиям федеральных государственных образовательных стандартов высшего образования последнего поколения. Для магистрантов по направлению подготовки 21.04.01 "Нефтегазовое дело" и студентов, специализирующихся по направлению 21.05.02 "Прикладная геология". 
606 1 |a Нефтегазоразведочные работы  |2 stltpush  |3 (RuTPU)RU\TPU\subj\45644  |9 64837 
610 1 |a геология 
610 1 |a геологоразведочные работы 
610 1 |a нефть 
610 1 |a газ 
610 1 |a управление 
610 1 |a проектирование 
610 1 |a риски 
610 1 |a локальный прогноз 
610 1 |a геологоразведочное бурение 
610 1 |a залежи 
610 1 |a доразведка 
610 1 |a горючие газы 
610 1 |a классификация 
610 1 |a геолого-экономическая оценка 
610 1 |a учебники 
675 |a 553.98:550.8.02(075.8)  |v 4 
700 1 |a Керимов  |b В. Ю.  |g оглы Вагиф Юнус 
701 1 |a Косьянов  |b В. А.  |g Вадим Александрович 
701 1 |a Мустаев  |b Р. Н.  |g Рустам Наильевич 
712 0 2 |a Российский государственный геологоразведочный университет им. Серго Орджоникидзе  |c (Москва)  |c (2005- )  |2 stltpush  |3 (RuTPU)RU\TPU\col\8432  |9 24525 
801 1 |a RU  |b 63413507  |c 20211126 
801 2 |a RU  |b 63413507  |c 20220203  |g RCR 
942 |c BK 
959 |a 12/20211126  |d 3  |e 3422,08  |f УФ:2  |f ЧЗТЛ:1